Compactly covered reflections, extension of uniform dualities and generalized almost periodicity

Αποθηκεύτηκε σε:
Λεπτομέρειες βιβλιογραφικής εγγραφής
Κύριος συγγραφέας: Powell, Michael H.
Μορφή: Βιβλίο
Γλώσσα:English
Δημοσίευση: Providence, R.I. : American Mathematical Society, 1970
Σειρά:Memoirs of the American Mathematical Society ; ; 105
Θέματα:
Ετικέτες: Προσθήκη ετικέτας
Δεν υπάρχουν, Καταχωρήστε ετικέτα πρώτοι!

MARC

LEADER 00000nam a2200000 i 4500
001 1/47407
008 941103s1970 eng d
020 |a 0-8218-1805-8 
035 |a 1993  |l 10043057 
040 |a GR-MY-UA  |b gre  |e aacr 
041 0 |a eng 
082 0 |a 512.55 
100 1 |a Powell, Michael H. 
245 1 0 |a Compactly covered reflections, extension of uniform dualities and generalized almost periodicity /  |c by Michael H. Powell 
260 |a Providence, R.I. :   |b American Mathematical Society,   |c 1970 
300 |a vii, 235 σ.;  |c 26 εκ. 
490 1 |a Memoirs of the American Mathematical Society  |v ; 105 
504 |a Βιβλιογραφία: σ. 233-235 
650 0 0 |a Uniform algebras. 
830 0 |a Memoirs of the American Mathematical Society ;  |v ; 105 
852 |a INST  |b SAMOS  |e 19941103  |h 512.55 POW  |p 005300002440  |q 005300002440  |t BK  |y 0 
909 |a Σ  |b 030976